000 01037nab a22002297a 4500
999 _c6399
_d6399
003 OSt
005 20260201180126.0
008 190506c xxu||||| |||| 00| 0 spa d
040 _cPJ
100 _97038
_aAgüero Urquiza, Federico P.
245 1 0 _aAspectos de la reducción de la jornada máxima. El reciente modelo chileno de 40 hs. y el caso argentino /
_cFederico P. Agüero Urquiza.
260 _aBuenos Aires :
_bAbeledoPerrot,
_c2023.
300 _ap. 6-16
500 _aCita: TR LALEY AR/DOC/2347/2023
505 _aSumario: I. Introducción.— II. El proyecto chileno.— III. La noticia en el mundo.— IV. El caso argentino.— V. Conclusión.
505 _t¿Te interesa el texto completo? Comunicate al correo: koha@justierradelfuego.gov.ar
650 0 _91316
_aDERECHO LABORAL
650 0 _91323
_aCONTRATO DE TRABAJO
650 0 _91402
_aJORNADA DE TRABAJO
773 0 _02751
_93202
_dBuenos Aires : AbeledoPerrot, 2013-
_tRevista de derecho laboral y seguridad social. Nº 21 - Noviembre 2023
942 _2udc
_cANA